| 000 | 00562nam a2200169 i 4500 | ||
|---|---|---|---|
| 001 | 112378 | ||
| 003 | ES-MaACL | ||
| 005 | 20230906185522.0 | ||
| 007 | t| | ||
| 008 | 061121s1961 sp f |||| | spa d | ||
| 100 | 1 |
_aMuñoz García, Juan. _984423 |
|
| 245 | 1 | 3 |
_aLa plaza de toros de Béjar es la más antigua de cuantas existen en España / _cJuan Muñoz García. |
| 260 |
_aMadrid : _b[s.n.], _c1961 ( _fTall. Prensa Española) |
||
| 300 |
_a38 p., [4] h. de lám. ; _c24 cm. |
||
| 650 | 4 |
_aCorridas de toros- _zEspaña. _911373 |
|
| 852 |
_aES-MaACL _jC-19627 |
||
| 999 |
_c112378 _d112378 |
||